धर्मवीर भारती : (Record no. 113544)

MARC details
000 -LEADER
fixed length control field 01302nam a22002777a 4500
003 - CONTROL NUMBER IDENTIFIER
control field dpl
005 - DATE AND TIME OF LATEST TRANSACTION
control field 20181129162617.0
008 - FIXED-LENGTH DATA ELEMENTS--GENERAL INFORMATION
fixed length control field 181129b ||||| |||| 00| 0 eng d
010 ## - LIBRARY OF CONGRESS CONTROL NUMBER
LC control number B-031945
020 ## - INTERNATIONAL STANDARD BOOK NUMBER
Terms of availability 140.00
International Standard Book Number 8126010266
035 ## - SYSTEM CONTROL NUMBER
System control number B-031945
037 ## - SOURCE OF ACQUISITION
Source of stock number/acquisition Cen Lib/Ret
040 ## - CATALOGING SOURCE
Original cataloging agency DPL
Language of cataloging HN
Transcribing agency 0
082 ## - DEWEY DECIMAL CLASSIFICATION NUMBER
Classification number 820.8
Item number बांदिव
100 ## - MAIN ENTRY--PERSONAL NAME
Personal name बांदिवडेकर, चंद्रकांत
9 (RLIN) 44241
245 ## - TITLE STATEMENT
Title धर्मवीर भारती :
Statement of responsibility, etc चंद्रकांत बांदिवडेकर
Remainder of title व्यक्तित्व और कृतित्व / कृतियाँ
246 ## - VARYING FORM OF TITLE
Title proper/short title Dharamvir Bharti : vyaktitva aur krititva /
Remainder of title by Chanrakant Bandiwadekar
260 ## - PUBLICATION, DISTRIBUTION, ETC. (IMPRINT)
Place of publication, distribution, etc नई दिल्ली
Name of publisher, distributor, etc साहित्य आकदमी
Date of publication, distribution, etc 2001
270 ## - ADDRESS
Address रविन्द्र भवन, 35, फिरोजशाह मार्ग
City नई दिल्ली
Postal code 110001
300 ## - PHYSICAL DESCRIPTION
Extent 227पृ.
Dimensions 21सेमी (सजिल्द)
650 ## - SUBJECT ADDED ENTRY--TOPICAL TERM
Topical term or geographic name as entry element हिंदी साहित्य
9 (RLIN) 52732
650 ## - SUBJECT ADDED ENTRY--TOPICAL TERM
Topical term or geographic name as entry element हिंदी साहित्य-- कृतियाँ
9 (RLIN) 1009
650 ## - SUBJECT ADDED ENTRY--TOPICAL TERM
Topical term or geographic name as entry element Hindi literature
9 (RLIN) 52733
650 ## - SUBJECT ADDED ENTRY--TOPICAL TERM
Topical term or geographic name as entry element Hindi literature--Works
9 (RLIN) 52734
942 ## - ADDED ENTRY ELEMENTS (KOHA)
Source of classification or shelving scheme Dewey Decimal Classification
Koha item type Hindi Books
Classification part 820.8
Call number suffix बांदिव
Holdings
Withdrawn status Lost status Damaged status Not for loan Home library Current library Date acquired Source of acquisition Cost, normal purchase price Total Checkouts Full call number Barcode Date last seen Date checked out Copy number Cost, replacement price Price effective from Koha item type Source of classification or shelving scheme
        Central Library Central Library 12/08/2015 Cen Lib/Ret 140.00 1 820.8 बांदिव B-031941 06/08/2021 23/07/2021 1 140.00 12/08/2015 Hindi Books  
        Shahdara Branch Shahdara Branch 29/11/2018 BPPD/PUB 140.00   820.8 बांदिव B-031945 29/11/2018     140.00 29/11/2018 Hindi Books Dewey Decimal Classification

© Delhi Public Library
Hit Counter
free hit counter